000 00953nam a2200277 i 4500
001 bg
100 1 _aFontaine, Pascal.
245 1 0 _aNowa idea dla Europy :
_bDeklaracja Schumana - 1950-2000 /
_cPascal Fontaine ; Przedstawicielstwo Komisji Europejskiej w Polsce.
250 _aWyd.2.
260 _aWarszawa :
_bReprezentacja Komisji Europejskiej w Polsce,
_c2004.
300 _a43 s. :
_bil. ;
_c23 cm.
490 1 _aDokumentacja Europejska - Komisja Europejska
500 _adodruk z 2004 r.
600 1 9 _aSchuman, Robert
_d(1886-1963).
650 9 _aIntegracja europejska
_yod 1945 r.
710 2 _aPrzedstawicielstwo Komisji Europejskiej w Polsce
_c(Warszawa)
830 _aDokumentacja Europejska - Komisja Europejska
020 _a8391909239
040 _cBPK
041 1 _apol
_hfre
044 _aPOL
080 _a061.1(4-67):339.923:327.3
920 _a83-919092-3-9
942 _cKS
008 100825s2004 pl |000 0 pol
999 _c49585
_d49585
856 _uhttp://koha.tu.koszalin.pl/cgi-bin/koha/opac-detail.pl?biblionumber=49585
_yKatalog online BPK